<?xml version="1.0" encoding="UTF-8"?><?xml-stylesheet type="text/xsl" href="static/style.xsl"?><OAI-PMH xmlns="http://www.openarchives.org/OAI/2.0/" xmlns:xsi="http://www.w3.org/2001/XMLSchema-instance" xsi:schemaLocation="http://www.openarchives.org/OAI/2.0/ http://www.openarchives.org/OAI/2.0/OAI-PMH.xsd"><responseDate>2026-04-17T01:05:42Z</responseDate><request verb="GetRecord" identifier="oai:www.recercat.cat:10459.1/465539" metadataPrefix="marc">https://recercat.cat/oai/request</request><GetRecord><record><header><identifier>oai:recercat.cat:10459.1/465539</identifier><datestamp>2025-09-15T18:20:15Z</datestamp><setSpec>com_2072_3622</setSpec><setSpec>col_2072_479130</setSpec></header><metadata><record xmlns="http://www.loc.gov/MARC21/slim" xmlns:dcterms="http://purl.org/dc/terms/" xmlns:xsi="http://www.w3.org/2001/XMLSchema-instance" xmlns:doc="http://www.lyncode.com/xoai" xsi:schemaLocation="http://www.loc.gov/MARC21/slim http://www.loc.gov/standards/marcxml/schema/MARC21slim.xsd">
   <leader>00925njm 22002777a 4500</leader>
   <datafield ind2=" " ind1=" " tag="042">
      <subfield code="a">dc</subfield>
   </datafield>
   <datafield ind2=" " ind1=" " tag="720">
      <subfield code="a">Romero Morales, Yasmina</subfield>
      <subfield code="e">author</subfield>
   </datafield>
   <datafield ind2=" " ind1=" " tag="260">
      <subfield code="c">2015-01-30</subfield>
   </datafield>
   <datafield ind2=" " ind1=" " tag="520">
      <subfield code="a">Este artículo se centra en la percepción que la población española tuvo de la Guerra de África (1859-60) —primer conflicto bélico de envergadura que enfrentó a España contra Marruecos— a través del análisis de la prensa y la literatura española de la época. Estos escritos estaban dirigidos al público en general y conseguían, a través de estrategias textuales y discursivas, influir en la opinión pública como convenía en cada momento: despertar un insólito furor patriótico para que el pueblo apoyara la guerra; fomentar sentimientos racistas y xenófobos para que el pueblo sintiera aversión contra el rival; o excitar el ánimo de la población para que rechazara la participación española en Marruecos. Este trabajo también pretende contribuir a difundir la historia que comparten —a veces agitadamente— ambos lados del Estrecho de Gibraltar, de la que aún queda mucho por recuperar.</subfield>
   </datafield>
   <datafield ind2=" " ind1=" " tag="520">
      <subfield code="a">This article focuses on the perception the Spanish population had of the African War (1859-1860) —the first major conflict placing Spain and Morocco at actual war— through the analysis of spanish of press reports and literary works of the time. Both were intended to reach the general public and had the most convenient influence on the public opinion by effectively using a series of textual and discursive strategies. They successfully managed to lead the Spanish population into an unusual patriotic frenzy triggering support for the war, arouse hatred towards the enemy, by promoting racist and xenophobic attitudes, or even heat up tensions to utterly reject the Spanish participation in Morocco. This work also aims to contribute to putting together the agitated historical background that both sides of the Strait share and is yet to be recovered.</subfield>
   </datafield>
   <datafield ind2=" " ind1=" " tag="520">
      <subfield code="a">Este trabajo se inserta en el proyecto «Justicia, ciudadanía y género: feminización de las migraciones y derechos humanos» (FFI2011-24120) del Ministerio de Economía y Competitividad del Gobierno de España.</subfield>
   </datafield>
   <datafield tag="653" ind2=" " ind1=" ">
      <subfield code="a">Guerra de África</subfield>
   </datafield>
   <datafield tag="653" ind2=" " ind1=" ">
      <subfield code="a">Guerra Hispano-Marroquí</subfield>
   </datafield>
   <datafield tag="653" ind2=" " ind1=" ">
      <subfield code="a">Marruecos</subfield>
   </datafield>
   <datafield tag="653" ind2=" " ind1=" ">
      <subfield code="a">Percepción</subfield>
   </datafield>
   <datafield tag="653" ind2=" " ind1=" ">
      <subfield code="a">Prensa</subfield>
   </datafield>
   <datafield ind2="0" ind1="0" tag="245">
      <subfield code="a">Prensa y literatura en la Guerra de África (1859-1860). Opinión publicada, patriotismo y xenofobia</subfield>
   </datafield>
   <datafield ind2="0" ind1="0" tag="245">
      <subfield code="a">Press and Literature in the African War (1859-1860). Published Opinion, Patriotism and Xenophobia</subfield>
   </datafield>
</record></metadata></record></GetRecord></OAI-PMH>